000 00666nam a2200253Ia 4500
003 OSt
005 20220924144542.0
006 a|||||r|||| 00| 0
007 ta
008 220923b |||||||| |||| 00| 0 urd d
020 _c3.00
024 _a315604
037 _cTextual
040 _aARTS
_cARTS
_burd
041 _2urd
_aurd
082 _aO168,1NSE,1, K5
100 _aIshqabadi Allama Sahar
_9217871
245 0 _aGulbanag
260 _c1965
650 _aURDU POETRY
700 _a Nandlal Parvana Ed.
_9217872
942 _hO168,1NSE,1, K5
_cTEXL
_2CC
999 _c457427
_d457427